[Event "CAN-ch U20"]
[Site "Toronto CAN"]
[Date "2008.05.09"]
[Round "1"]
[White "Kleinman, Michael"]
[Black "Kaminski, Victor"]
[Result "1-0"]
[WhiteElo "1992"]
[BlackElo "2285"]
[PlyCount "103"]
[GameId "2160767910354871"]
[EventDate "2008.05.09"]
[EventType "swiss"]
[EventRounds "9"]
[EventCountry "CAN"]
[SourceTitle "EXT 2011"]
[Source "ChessBase"]
[SourceDate "2011.11.26"]
[SourceVersion "1"]
[SourceVersionDate "2011.11.26"]
[SourceQuality "1"]

1. e4 c5 2. Nf3 Nc6 3. Nc3 g6 4. d4 cxd4 5. Nxd4 Bg7 6. Nde2 d6 7. g3 h5 8. h3 Nh6 9. Bg2 Bd7 10. Bg5 Qa5 11. Qd2 Ne5 12. Bxe7 Nc4 13. Qg5 Ne5 14. Bf6 Ng8 15. Bxg7 Nd3+ 16. cxd3 Qxg5 17. f4 Qa5 18. Bxh8 f6 19. d4 Bb5 20. Kf2 Bxe2 21. Nxe2 Qc7 22. e5 fxe5 23. fxe5 Qh7 24. Bf6 Qf7 25. Rhf1 Nxf6 26. exf6 Qxf6+ 27. Kg1 Qg5 28. Rae1 h4 29. Nf4+ Kd7 30. Nd5 Kc6 31. Rc1+ Kd7 32. Rc7+ Ke8 33. gxh4 Qxh4 34. Re7+ Qxe7 35. Nxe7 Kxe7 36. Rc1 Kd7 37. Bxb7 Rb8 38. Bc6+ Ke7 39. b3 Rb4 40. Rc4 Rb6 41. d5 Kf6 42. Ra4 a6 43. Re4 Kf5 44. Re7 Rb4 45. Re3 g5 46. a3 Rd4 47. Kf2 Rd2+ 48. Kf3 Ra2 49. a4 a5 50. Bd7+ Kf6 51. Bg4 Rb2 52. Ke4 1-0

[Event "CAN-ch U20"]
[Site "Toronto CAN"]
[Date "2008.05.09"]
[Round "1"]
[White "Martchenko, Alexander"]
[Black "Orlova, Yelizaveta"]
[Result "1-0"]
[WhiteElo "2212"]
[BlackElo "1909"]
[PlyCount "95"]
[GameId "2160767910354872"]
[EventDate "2008.05.09"]
[EventType "swiss"]
[EventRounds "9"]
[EventCountry "CAN"]
[SourceTitle "EXT 2011"]
[Source "ChessBase"]
[SourceDate "2011.11.26"]
[SourceVersion "1"]
[SourceVersionDate "2011.11.26"]
[SourceQuality "1"]

1. e4 c5 2. Nf3 Nc6 3. Nc3 g6 4. d4 cxd4 5. Nxd4 Bg7 6. Nde2 Nf6 7. g3 d6 8. Bg2 Be6 9. O-O O-O 10. h3 Rc8 11. g4 Bc4 12. Re1 b5 13. Ng3 b4 14. Nce2 Nd7 15. a3 Qa5 16. Nf4 Rfd8 17. Nf1 Nb6 18. Ne3 Ba6 19. Nfd5 e6 20. Nxb6 Qxb6 21. axb4 Nxb4 22. c3 Nc6 23. Nc2 Bc4 24. Ne3 Bb3 25. Qe2 a5 26. h4 d5 27. exd5 exd5 28. g5 d4 29. Ng4 d3 30. Qd2 a4 31. Qf4 Na5 32. Bd2 Nc4 33. Re7 Nxd2 34. Qxd2 Qd6 35. Re3 Rc4 36. Rg3 Qd7 37. Bf3 Qb5 38. Kg2 Rcc8 39. h5 Bc2 40. hxg6 fxg6 41. Rh1 Qf5 42. Ne3 Qb5 43. c4 Qxb2 44. Bd5+ Rxd5 45. Nxd5 Qb7 46. Qe3 Rxc4 47. Qe8+ Bf8 48. Rf3 1-0

[Event "CAN-ch U20"]
[Site "Toronto CAN"]
[Date "2008.05.09"]
[Round "1"]
[White "Tayar, Jonathan"]
[Black "Calugar, Arthur"]
[Result "1-0"]
[WhiteElo "2343"]
[BlackElo "2075"]
[PlyCount "113"]
[GameId "2160767910354873"]
[EventDate "2008.05.09"]
[EventType "swiss"]
[EventRounds "9"]
[EventCountry "CAN"]
[SourceTitle "EXT 2011"]
[Source "ChessBase"]
[SourceDate "2011.11.26"]
[SourceVersion "1"]
[SourceVersionDate "2011.11.26"]
[SourceQuality "1"]

1. e4 c5 2. Nc3 Nc6 3. Bb5 g6 4. Bxc6 dxc6 5. f4 Nf6 6. Nf3 Bg7 7. d3 Nd7 8. O-O Nf8 9. Ne2 Ne6 10. c3 b6 11. Ng3 Ba6 12. Ne1 Qd7 13. f5 Nc7 14. Bf4 O-O-O 15. Qa4 Kb7 16. Rd1 h5 17. h4 e6 18. f6 Bb5 19. Qa3 Bf8 20. c4 Ba6 21. Nf3 Bd6 22. Bxd6 Qxd6 23. e5 Qf8 24. Ne4 Rd7 25. Nd6+ Rxd6 26. exd6 Qxd6 27. Qc3 Qg3 28. Qe5 Qg4 29. Qg5 Qxg5 30. hxg5 Ne8 31. Ne5 Nd6 32. b3 Rf8 33. d4 Kc7 34. dxc5 bxc5 35. Rfe1 Bc8 36. Nd3 Nb7 37. Re2 a5 38. Red2 Kd6 39. Re1 Kc7 40. a4 Kd6 41. Ne5+ Kc7 42. Red1 Nd8 43. Rd6 Re8 44. Rxd8 Rxd8 45. Rxd8 Kxd8 46. Nxf7+ Kd7 47. Ne5+ Ke8 48. Nxg6 e5 49. Nxe5 Bf5 50. g6 Kf8 51. g7+ Kg8 52. Nxc6 Kf7 53. Nd8+ Kg8 54. Nb7 Bh7 55. Nxc5 Kf7 56. Nd7 Bf5 57. Ne5+ 1-0

[Event "CAN-ch U20"]
[Site "Toronto CAN"]
[Date "2008.05.09"]
[Round "1"]
[White "Ye, Ling Feng"]
[Black "Perelman, Leon"]
[Result "1-0"]
[WhiteElo "2192"]
[BlackElo "1797"]
[PlyCount "103"]
[GameId "2160767910354874"]
[EventDate "2008.05.09"]
[EventType "swiss"]
[EventRounds "9"]
[EventCountry "CAN"]
[SourceTitle "EXT 2011"]
[Source "ChessBase"]
[SourceDate "2011.11.26"]
[SourceVersion "1"]
[SourceVersionDate "2011.11.26"]
[SourceQuality "1"]

1. e4 c5 2. Nf3 d6 3. d4 cxd4 4. Nxd4 Nf6 5. Nc3 g6 6. Be3 Bg7 7. f3 Nc6 8. Qd2 O-O 9. O-O-O Bd7 10. h4 h5 11. Be2 Qa5 12. Nb3 Qc7 13. Bh6 Rac8 14. Bxg7 Kxg7 15. g4 Na5 16. Nd5 Nxd5 17. exd5 Nxb3+ 18. axb3 Rh8 19. Qd4+ Kg8 20. Bd3 Qb6 21. Qe4 e5 22. Rdg1 hxg4 23. fxg4 Rxh4 24. Qf3 Qd8 25. g5 Rxh1 26. Qxh1 Qf8 27. Rf1 Qg7 28. Kb1 Kf8 29. Qh4 a5 30. b4 b6 31. Qf2 Rb8 32. bxa5 e4 33. Bxe4 bxa5 34. c3 Be8 35. Qa7 Qe5 36. Bc2 Rb5 37. Bxg6 Rxb2+ 38. Kxb2 Qe2+ 39. Bc2 Qxf1 40. Qxa5 Qb5+ 41. Qxb5 Bxb5 42. Kb3 Ke7 43. Kb4 Be2 44. Ka5 Bf3 45. c4 Bg4 46. Kb6 Kd7 47. Ba4+ Ke7 48. Kc7 Bf5 49. Bb5 Bd3 50. Ba6 Be2 51. c5 Bxa6 52. cxd6+ 1-0

[Event "CAN-ch U20"]
[Site "Toronto CAN"]
[Date "2008.05.09"]
[Round "1"]
[White "Zhang, David"]
[Black "Gusev, Nikita"]
[Result "0-1"]
[WhiteElo "1751"]
[BlackElo "2145"]
[PlyCount "170"]
[GameId "2160767910354875"]
[EventDate "2008.05.09"]
[EventType "swiss"]
[EventRounds "9"]
[EventCountry "CAN"]
[SourceTitle "EXT 2011"]
[Source "ChessBase"]
[SourceDate "2011.11.26"]
[SourceVersion "1"]
[SourceVersionDate "2011.11.26"]
[SourceQuality "1"]

1. e4 c5 2. Nf3 Nc6 3. d4 cxd4 4. Nxd4 Nf6 5. Nc3 d6 6. Bc4 g6 7. f3 Bg7 8. Be3 O-O 9. Qd2 Bd7 10. O-O-O Rc8 11. Bb3 Ne5 12. Bh6 Bxh6 13. Qxh6 Rxc3 14. bxc3 Qa5 15. Kb2 b5 16. a3 Rb8 17. Qd2 Qb6 18. Rb1 Qc5 19. Rhe1 Rb6 20. Rf1 d5 21. Rfe1 dxe4 22. fxe4 Ra6 23. Ra1 Rd6 24. Qe3 Nc4+ 25. Bxc4 bxc4 26. h3 e5 27. Nf3 Qb5+ 28. Ka2 Ra6 29. Qc1 Qa5 30. Re3 Bc6 31. Nd2 Qc5 32. Re2 Nd7 33. Rb1 Nb6 34. Rb4 Na4 35. Rxc4 Nxc3+ 36. Rxc3 Qxc3 37. Qb2 Qc5 38. Nb3 Qb5 39. Re3 Bd7 40. Rd3 Be6 41. Rd8+ Kg7 42. Rd3 Rb6 43. Qc3 a5 44. Ka1 Rc6 45. Qb2 a4 46. Nd2 Qc5 47. c4 Rc7 48. Qb5 Qxb5 49. cxb5 Rb7 50. Kb2 Rxb5+ 51. Kc1 Rb6 52. Nf3 Kf6 53. Rc3 Rb3 54. Rxb3 Bxb3 55. g4 g5 56. Nd2 Be6 57. Nf3 Bd7 58. Kd2 h6 59. Kc3 Bc6 60. Nd2 Kg6 61. Kb4 h5 62. Nc4 f6 63. Nb6 hxg4 64. hxg4 Bxe4 65. Nc4 Bc2 66. Ne3 Bb3 67. Kc5 Be6 68. Kd6 Kf7 69. Kc5 Ke7 70. Kb4 Bb3 71. Kc5 Ke6 72. Nf5 Bd1 73. Ne3 Be2 74. Kb4 e4 75. Kxa4 Ke5 76. Kb4 Kf4 77. Nd5+ Kxg4 78. Nxf6+ Kf3 79. Kc3 g4 80. Kd2 Bd3 81. Nd5 g3 82. Ne3 g2 83. Nxg2 Kxg2 84. Ke3 Kg3 85. a4 Kg4 0-1

[Event "CAN-ch U20"]
[Site "Toronto CAN"]
[Date "2008.05.09"]
[Round "1"]
[White "Zhou, Haonan"]
[Black "Prysiazny, Michael"]
[Result "1-0"]
[WhiteElo "2137"]
[BlackElo "1722"]
[PlyCount "91"]
[GameId "2160767910354876"]
[EventDate "2008.05.09"]
[EventType "swiss"]
[EventRounds "9"]
[EventCountry "CAN"]
[SourceTitle "EXT 2011"]
[Source "ChessBase"]
[SourceDate "2011.11.26"]
[SourceVersion "1"]
[SourceVersionDate "2011.11.26"]
[SourceQuality "1"]

1. d4 Nf6 2. c4 g6 3. Nc3 Bg7 4. e4 d6 5. f3 O-O 6. Be3 Nc6 7. Nge2 a6 8. Qd2 Rb8 9. Rc1 Bd7 10. Nd1 Ne8 11. Nf2 f5 12. g3 fxe4 13. fxe4 e5 14. d5 Ne7 15. Bg2 c5 16. dxc6 bxc6 17. O-O Be6 18. Rfd1 Qc7 19. b4 a5 20. b5 c5 21. Bh3 Bxh3 22. Nxh3 Rd8 23. Nc3 Nf6 24. Nf2 Qc8 25. Kg2 Ng4 26. Nxg4 Qxg4 27. Rf1 Qe6 28. Bg5 Rxf1 29. Rxf1 Rf8 30. Rxf8+ Bxf8 31. Bxe7 Bxe7 32. Qd5 Kf7 33. Kf3 Bd8 34. Qxe6+ Kxe6 35. Nd5 h6 36. g4 Kd7 37. Kg3 Bg5 38. h4 Bd8 39. h5 g5 40. Kf3 Be7 41. Ke3 Bd8 42. Kd3 a4 43. Nc3 a3 44. Nb1 Ba5 45. Nxa3 Kc7 46. Nc2 1-0

[Event "CAN-ch U20"]
[Site "Toronto CAN"]
[Date "2008.05.10"]
[Round "2"]
[White "Calugar, Arthur"]
[Black "Zhang, David"]
[Result "1-0"]
[WhiteElo "2075"]
[BlackElo "1751"]
[PlyCount "51"]
[GameId "2160767910354877"]
[EventDate "2008.05.09"]
[EventType "swiss"]
[EventRounds "9"]
[EventCountry "CAN"]
[SourceTitle "EXT 2011"]
[Source "ChessBase"]
[SourceDate "2011.11.26"]
[SourceVersion "1"]
[SourceVersionDate "2011.11.26"]
[SourceQuality "1"]

1. b3 d5 2. Bb2 Nf6 3. Nf3 Nc6 4. e3 Bg4 5. Bb5 Bd7 6. O-O e6 7. c4 a6 8. Bxc6 bxc6 9. Ne5 Be7 10. f4 O-O 11. Rf3 Ne4 12. d3 Nd6 13. Rh3 f6 14. Nxd7 Qxd7 15. Qh5 h6 16. Qg6 Kh8 17. Nd2 Qe8 18. Qg4 Qf7 19. Nf3 Kh7 20. Rc1 f5 21. Qg3 Bf6 22. Be5 dxc4 23. bxc4 c5 24. Ng5+ Bxg5 25. fxg5 h5 26. g6+ 1-0

[Event "CAN-ch U20"]
[Site "Toronto CAN"]
[Date "2008.05.10"]
[Round "2"]
[White "Gusev, Nikita"]
[Black "Tayar, Jonathan"]
[Result "0-1"]
[WhiteElo "2145"]
[BlackElo "2343"]
[PlyCount "46"]
[GameId "2160767910354878"]
[EventDate "2008.05.09"]
[EventType "swiss"]
[EventRounds "9"]
[EventCountry "CAN"]
[SourceTitle "EXT 2011"]
[Source "ChessBase"]
[SourceDate "2011.11.26"]
[SourceVersion "1"]
[SourceVersionDate "2011.11.26"]
[SourceQuality "1"]

1. e4 c5 2. Nf3 d6 3. d4 Nf6 4. Nc3 cxd4 5. Nxd4 a6 6. Be2 e6 7. Be3 Qc7 8. Qd2 b5 9. a3 Bb7 10. f3 Nc6 11. g4 Be7 12. g5 Nd7 13. Ndxb5 axb5 14. Nxb5 Qb8 15. O-O-O O-O 16. Nxd6 Ba6 17. Bxa6 Rxa6 18. f4 Na5 19. Nb5 Nb6 20. b3 Nbc4 21. bxc4 Nxc4 22. Qd7 Bxa3+ 23. Kb1 Ra5 0-1

[Event "CAN-ch U20"]
[Site "Toronto CAN"]
[Date "2008.05.10"]
[Round "2"]
[White "Kaminski, Victor"]
[Black "Makaremi, Sina"]
[Result "1-0"]
[WhiteElo "2285"]
[BlackElo "1869"]
[PlyCount "45"]
[GameId "2160767910354879"]
[EventDate "2008.05.09"]
[EventType "swiss"]
[EventRounds "9"]
[EventCountry "CAN"]
[SourceTitle "EXT 2011"]
[Source "ChessBase"]
[SourceDate "2011.11.26"]
[SourceVersion "1"]
[SourceVersionDate "2011.11.26"]
[SourceQuality "1"]

1. c4 Nf6 2. Nc3 e5 3. g3 Nc6 4. Bg2 Bc5 5. a3 a5 6. e3 d6 7. Nge2 O-O 8. d4 exd4 9. exd4 Bb6 10. O-O Bf5 11. h3 Qc8 12. Kh2 Kh8 13. g4 Bd7 14. Bf4 Ne7 15. b4 axb4 16. axb4 Bc6 17. f3 Rd8 18. Qb3 d5 19. Rxa8 Qxa8 20. c5 Ba7 21. Ra1 Ne8 22. b5 Bd7 23. b6 1-0

[Event "CAN-ch U20"]
[Site "Toronto CAN"]
[Date "2008.05.10"]
[Round "2"]
[White "Orlova, Yelizaveta"]
[Black "Cai, Tony"]
[Result "1-0"]
[WhiteElo "1909"]
[BlackElo "1675"]
[PlyCount "85"]
[GameId "2160767910354881"]
[EventDate "2008.05.09"]
[EventType "swiss"]
[EventRounds "9"]
[EventCountry "CAN"]
[SourceTitle "EXT 2011"]
[Source "ChessBase"]
[SourceDate "2011.11.26"]
[SourceVersion "1"]
[SourceVersionDate "2011.11.26"]
[SourceQuality "1"]

1. d4 d5 2. Nf3 Nf6 3. g3 Bg4 4. Bg2 Nbd7 5. O-O e6 6. Nbd2 Bd6 7. b3 O-O 8. Bb2 Re8 9. Ne5 Bf5 10. c4 c6 11. Ndf3 Ne4 12. Nxd7 Qxd7 13. c5 Be7 14. Ne5 Qc7 15. f3 Nf6 16. Qd2 Nd7 17. e4 Bg6 18. Nxg6 hxg6 19. Rae1 Bf6 20. e5 Be7 21. f4 f5 22. exf6 Bxf6 23. Bh3 Nf8 24. Re2 Kf7 25. Rfe1 b6 26. b4 a5 27. g4 axb4 28. g5 Bd8 29. Qxb4 Rb8 30. Qc3 Kg8 31. Qf3 Qf7 32. Qg4 Bc7 33. Rf1 bxc5 34. dxc5 Rb4 35. Be5 Bxe5 36. Rxe5 Qa7 37. Qf3 Qxc5+ 38. Kh1 Rb2 39. f5 Qc2 40. Qg3 d4 41. fxe6 Re7 42. Qf4 Kh7 43. Qh4+ 1-0

[Event "CAN-ch U20"]
[Site "Toronto CAN"]
[Date "2008.05.10"]
[Round "2"]
[White "Perelman, Leon"]
[Black "Sapozhnikov, Roman"]
[Result "0-1"]
[WhiteElo "1797"]
[BlackElo "2118"]
[PlyCount "82"]
[GameId "2160767910354882"]
[EventDate "2008.05.09"]
[EventType "swiss"]
[EventRounds "9"]
[EventCountry "CAN"]
[SourceTitle "EXT 2011"]
[Source "ChessBase"]
[SourceDate "2011.11.26"]
[SourceVersion "1"]
[SourceVersionDate "2011.11.26"]
[SourceQuality "1"]

1. e4 c5 2. Nf3 d6 3. d4 cxd4 4. Nxd4 Nf6 5. Nc3 a6 6. Bc4 e6 7. Bb3 b5 8. O-O Be7 9. Qf3 Qc7 10. Qg3 Nc6 11. Be3 O-O 12. f3 Bb7 13. Rad1 Nxd4 14. Bxd4 Rad8 15. a4 b4 16. Na2 e5 17. Be3 d5 18. exd5 Nxd5 19. Bf2 Nf4 20. Kh1 Bd5 21. Bxd5 Rxd5 22. Rxd5 Nxd5 23. c3 Qc4 24. Ra1 b3 25. Nb4 Bxb4 26. cxb4 Nf4 27. Bc5 Rd8 28. Qe1 Qc2 29. Qf1 Rd2 30. Rc1 Nd3 31. Rxc2 bxc2 32. Be3 Rd1 33. Kg1 c1=Q 34. Bxc1 Rxc1 35. Qxc1 Nxc1 36. b5 axb5 37. a5 Ne2+ 38. Kf2 Nd4 39. a6 Nc6 40. Ke3 f5 41. g4 g6 0-1

[Event "CAN-ch U20"]
[Site "Toronto CAN"]
[Date "2008.05.10"]
[Round "2"]
[White "Prysiazny, Michael"]
[Black "Humphreys, Michael"]
[Result "0-1"]
[WhiteElo "1722"]
[BlackElo "2103"]
[PlyCount "71"]
[GameId "2160767910354883"]
[EventDate "2008.05.09"]
[EventType "swiss"]
[EventRounds "9"]
[EventCountry "CAN"]
[SourceTitle "EXT 2011"]
[Source "ChessBase"]
[SourceDate "2011.11.26"]
[SourceVersion "1"]
[SourceVersionDate "2011.11.26"]
[SourceQuality "1"]

1. e4 g6 2. d4 Bg7 3. c4 d6 4. Nc3 Nf6 5. Nf3 O-O 6. Be2 c5 7. Be3 cxd4 8. Nxd4 Nc6 9. Qd2 Bd7 10. O-O Nxd4 11. Bxd4 Bc6 12. Qe3 e5 13. Bxa7 Nd7 14. a4 b6 15. Bxb6 Qxb6 16. Qxb6 Nxb6 17. a5 Nd7 18. b4 f5 19. Rfd1 Rfc8 20. f3 fxe4 21. fxe4 Nf6 22. b5 Nxe4 23. Nxe4 Bxe4 24. Rxd6 Bf8 25. Rdd1 Bc5+ 26. Kh1 Bc2 27. Rdc1 Bd4 28. Rxc2 Bxa1 29. a6 Bd4 30. Bf3 Rf8 31. h3 Rac8 32. Bc6 Rf6 33. Rc1 Rcf8 34. Bf3 e4 35. Rd1 exf3 36. Rxd4 0-1

[Event "CAN-ch U20"]
[Site "Toronto CAN"]
[Date "2008.05.10"]
[Round "3"]
[White "Cai, Tony"]
[Black "Perelman, Leon"]
[Result "0-1"]
[WhiteElo "1675"]
[BlackElo "1797"]
[PlyCount "76"]
[GameId "2160767910354885"]
[EventDate "2008.05.09"]
[EventType "swiss"]
[EventRounds "9"]
[EventCountry "CAN"]
[SourceTitle "EXT 2011"]
[Source "ChessBase"]
[SourceDate "2011.11.26"]
[SourceVersion "1"]
[SourceVersionDate "2011.11.26"]
[SourceQuality "1"]

1. d4 Nf6 2. c4 e6 3. Nc3 Bb4 4. Bg5 h6 5. Bh4 c5 6. e3 Qa5 7. Qc2 Ne4 8. Rc1 cxd4 9. exd4 d5 10. Bd3 Qxa2 11. cxd5 Bxc3+ 12. bxc3 Qxc2 13. Rxc2 exd5 14. Ne2 Nd6 15. Bg3 Nf5 16. Nf4 Nxg3 17. hxg3 Be6 18. Re2 Kd7 19. O-O Nc6 20. Rfe1 Rhe8 21. Bb1 Re7 22. Ba2 Kd6 23. Nd3 b6 24. Ne5 Nxe5 25. Rxe5 Rae8 26. f4 f6 27. R5e3 Bf7 28. Kf2 Rxe3 29. Rxe3 Rxe3 30. Kxe3 Bg6 31. g4 Be4 32. g3 b5 33. Kd2 a5 34. Ke3 Kc6 35. Bb3 Kb6 36. Kd2 g5 37. Kc1 Kc6 38. Kb2 Bf3 0-1

[Event "CAN-ch U20"]
[Site "Toronto CAN"]
[Date "2008.05.10"]
[Round "3"]
[White "Humphreys, Michael"]
[Black "Gusev, Nikita"]
[Result "1/2-1/2"]
[WhiteElo "2103"]
[BlackElo "2145"]
[PlyCount "56"]
[GameId "2160767910354886"]
[EventDate "2008.05.09"]
[EventType "swiss"]
[EventRounds "9"]
[EventCountry "CAN"]
[SourceTitle "EXT 2011"]
[Source "ChessBase"]
[SourceDate "2011.11.26"]
[SourceVersion "1"]
[SourceVersionDate "2011.11.26"]
[SourceQuality "1"]

1. Nf3 d5 2. c4 e6 3. g3 Nf6 4. Bg2 Be7 5. O-O O-O 6. b3 a5 7. Bb2 a4 8. Na3 Nbd7 9. d4 c6 10. c5 b6 11. b4 bxc5 12. bxc5 Re8 13. Nd2 Ba6 14. Re1 Qb8 15. Rb1 e5 16. Bc3 Qc7 17. e3 exd4 18. exd4 Bd3 19. Rb4 Qa7 20. Re3 Bg6 21. Bf3 Nxc5 22. Rxe7 Rxe7 23. dxc5 Qxc5 24. Qa1 Ne4 25. Nxe4 dxe4 26. Bg2 f6 27. Qb2 Bf7 28. Bd4 Qf5 1/2-1/2

[Event "CAN-ch U20"]
[Site "Toronto CAN"]
[Date "2008.05.10"]
[Round "3"]
[White "Ye, Ling Feng"]
[Black "Kaminski, Victor"]
[Result "1/2-1/2"]
[WhiteElo "2192"]
[BlackElo "2285"]
[PlyCount "38"]
[GameId "2160767910354889"]
[EventDate "2008.05.09"]
[EventType "swiss"]
[EventRounds "9"]
[EventCountry "CAN"]
[SourceTitle "EXT 2011"]
[Source "ChessBase"]
[SourceDate "2011.11.26"]
[SourceVersion "1"]
[SourceVersionDate "2011.11.26"]
[SourceQuality "1"]

1. e4 e6 2. d4 d5 3. Nd2 Nf6 4. e5 Nfd7 5. Bd3 c5 6. c3 b6 7. Nh3 Ba6 8. Bxa6 Nxa6 9. O-O Nc7 10. Qg4 g6 11. Nf3 h6 12. Be3 Be7 13. Nd2 c4 14. b3 b5 15. Nf4 Nb6 16. Rfb1 Ba3 17. Nf1 Kd7 18. Bc1 Bxc1 19. Rxc1 a5 1/2-1/2

[Event "CAN-ch U20"]
[Site "Toronto CAN"]
[Date "2008.05.10"]
[Round "3"]
[White "Zhang, David"]
[Black "Prysiazny, Michael"]
[Result "1-0"]
[WhiteElo "1751"]
[BlackElo "1722"]
[PlyCount "55"]
[GameId "2160767910354890"]
[EventDate "2008.05.09"]
[EventType "swiss"]
[EventRounds "9"]
[EventCountry "CAN"]
[SourceTitle "EXT 2011"]
[Source "ChessBase"]
[SourceDate "2011.11.26"]
[SourceVersion "1"]
[SourceVersionDate "2011.11.26"]
[SourceQuality "1"]

1. e4 e5 2. Nf3 Nc6 3. Nc3 Nf6 4. Bb5 Bc5 5. O-O d6 6. d3 Bg4 7. h3 Be6 8. Bg5 h6 9. Bh4 g5 10. Bg3 Qd7 11. Na4 Bb6 12. Nxb6 axb6 13. Qd2 Nh5 14. d4 exd4 15. Nxd4 O-O 16. Rfe1 Nxg3 17. fxg3 Bxh3 18. gxh3 Nxd4 19. Bxd7 Nf3+ 20. Kg2 Nxd2 21. b3 Rad8 22. Bf5 d5 23. exd5 Rxd5 24. Bd3 Rfd8 25. Rad1 Nxb3 26. axb3 b5 27. Re7 c5 28. Rf1 1-0

[Event "CAN-ch U20"]
[Site "Toronto CAN"]
[Date "2008.05.10"]
[Round "3"]
[White "Zhou, Haonan"]
[Black "Calugar, Arthur"]
[Result "1/2-1/2"]
[WhiteElo "2137"]
[BlackElo "2075"]
[PlyCount "149"]
[GameId "2160767910354891"]
[EventDate "2008.05.09"]
[EventType "swiss"]
[EventRounds "9"]
[EventCountry "CAN"]
[SourceTitle "EXT 2011"]
[Source "ChessBase"]
[SourceDate "2011.11.26"]
[SourceVersion "1"]
[SourceVersionDate "2011.11.26"]
[SourceQuality "1"]

1. d4 d5 2. c4 c6 3. Nf3 Nf6 4. Nc3 a6 5. cxd5 cxd5 6. Ne5 Nc6 7. g3 Bf5 8. Bg2 e6 9. Nxc6 bxc6 10. O-O c5 11. Bf4 cxd4 12. Qxd4 Be7 13. Qa4+ Qd7 14. Rac1 O-O 15. Rfd1 Qxa4 16. Nxa4 Rac8 17. Nb6 Rc5 18. Rxc5 Bxc5 19. Na4 Ba7 20. Rc1 Ng4 21. Nc5 a5 22. h3 Nf6 23. Bd2 Rc8 24. Na4 Rxc1+ 25. Bxc1 Bc2 26. Nc3 Ne4 27. Nxe4 dxe4 28. e3 a4 29. Bf1 f5 30. Bc4 Kf7 31. Bd2 Bd3 32. b3 Bxc4 33. bxc4 Ke7 34. Bb4+ Kd7 35. Kf1 Kc6 36. Ke2 Bc5 37. Bc3 Bd6 38. Bxg7 Kc5 39. Kd2 Kxc4 40. Kc2 Bb4 41. g4 Be1 42. Bh6 Bxf2 43. Bf4 Kd5 44. gxf5 exf5 45. Kd2 Kc4 46. Kc2 Be1 47. Be5 Bb4 48. Bf4 Kd5 49. Bg5 Kc4 50. Bf4 Be7 51. Bh6 Bd6 52. Bg5 Be5 53. Bh6 Bd6 54. Bg5 Kb4 55. Bh6 Ka3 56. Kb1 f4 57. Bxf4 Bxf4 58. exf4 Kb4 59. Kc2 Kc4 60. a3 Kd4 61. Kd2 e3+ 62. Ke2 Ke4 63. f5 Kxf5 64. Kxe3 Kg5 65. Kf3 h6 66. Kg3 h5 67. Kf3 Kf5 68. Ke3 Ke5 69. h4 Kf5 70. Kf3 Ke5 71. Ke3 Kf5 72. Kf3 Ke5 73. Ke3 Kd5 74. Kd3 Ke5 75. Ke3 1/2-1/2

[Event "CAN-ch U20"]
[Site "Toronto CAN"]
[Date "2008.05.11"]
[Round "4"]
[White "Gusev, Nikita"]
[Black "Zhou, Haonan"]
[Result "1/2-1/2"]
[WhiteElo "2145"]
[BlackElo "2137"]
[PlyCount "37"]
[GameId "2160767910354892"]
[EventDate "2008.05.09"]
[EventType "swiss"]
[EventRounds "9"]
[EventCountry "CAN"]
[SourceTitle "EXT 2011"]
[Source "ChessBase"]
[SourceDate "2011.11.26"]
[SourceVersion "1"]
[SourceVersionDate "2011.11.26"]
[SourceQuality "1"]

1. e4 c5 2. Nf3 d6 3. d4 cxd4 4. Nxd4 Nf6 5. Nc3 a6 6. Be2 e6 7. Qd3 Nc6 8. O-O Qc7 9. Rd1 Bd7 10. Qg3 Nxd4 11. Rxd4 Bc6 12. Bf3 Qa5 13. Be3 Be7 14. a3 O-O 15. Bf4 Ne8 16. Rd3 Rc8 17. Rad1 Qb6 18. Be3 Qc7 19. Bf4 1/2-1/2

[Event "CAN-ch U20"]
[Site "Toronto CAN"]
[Date "2008.05.11"]
[Round "4"]
[White "Orlova, Yelizaveta"]
[Black "Zhang, David"]
[Result "1/2-1/2"]
[WhiteElo "1909"]
[BlackElo "1751"]
[PlyCount "118"]
[GameId "2160767910354894"]
[EventDate "2008.05.09"]
[EventType "swiss"]
[EventRounds "9"]
[EventCountry "CAN"]
[SourceTitle "EXT 2011"]
[Source "ChessBase"]
[SourceDate "2011.11.26"]
[SourceVersion "1"]
[SourceVersionDate "2011.11.26"]
[SourceQuality "1"]

1. d4 d5 2. Nf3 Nf6 3. g3 Bg4 4. b3 Nbd7 5. Bb2 e6 6. Bg2 Be7 7. c4 c6 8. O-O O-O 9. Nc3 Nb6 10. Ne5 Bf5 11. e3 Qc7 12. g4 Bg6 13. h4 h6 14. f4 Nfd7 15. Nxg6 fxg6 16. c5 Nxc5 17. dxc5 Bxc5 18. Qe2 Rxf4 19. Kh1 Rxf1+ 20. Rxf1 Qg3 21. Qf2 Bd6 22. Qxg3 Bxg3 23. Ne2 Bxh4 24. Nf4 Bf6 25. Bxf6 gxf6 26. Nxe6 Kf7 27. Nc5 Rb8 28. b4 Ke7 29. a4 Nc4 30. Re1 b6 31. Nb3 a5 32. e4 Kd6 33. exd5 cxd5 34. b5 Rb7 35. Re8 Re7 36. Rd8+ Rd7 37. Rh8 Ne3 38. Rxh6 Nxg2 39. Kxg2 Rg7 40. Kf3 Ke5 41. Rh8 Rc7 42. Re8+ Kd6 43. Nd2 f5 44. gxf5 gxf5 45. Rb8 Rc3+ 46. Kf4 Kc7 47. Rf8 Rd3 48. Nf3 Ra3 49. Rxf5 Rxa4+ 50. Ke5 Rc4 51. Nd4 a4 52. Rf7+ Kc8 53. Ra7 Kb8 54. Ra6 Kb7 55. Ne6 Rb4 56. Nd4 Rxb5 57. Rxa4 Rc5 58. Ra1 Rc8 59. Kxd5 Ra8 1/2-1/2

[Event "CAN-ch U20"]
[Site "Toronto CAN"]
[Date "2008.05.11"]
[Round "4"]
[White "Prysiazny, Michael"]
[Black "Makaremi, Sina"]
[Result "0-1"]
[WhiteElo "1722"]
[BlackElo "1869"]
[PlyCount "36"]
[GameId "2160767910354895"]
[EventDate "2008.05.09"]
[EventType "swiss"]
[EventRounds "9"]
[EventCountry "CAN"]
[SourceTitle "EXT 2011"]
[Source "ChessBase"]
[SourceDate "2011.11.26"]
[SourceVersion "1"]
[SourceVersionDate "2011.11.26"]
[SourceQuality "1"]

1. e4 c5 2. Nf3 e6 3. d4 cxd4 4. Nxd4 Nf6 5. Nc3 Nc6 6. Bc4 Bb4 7. Bg5 h6 8. Bh4 g5 9. Bg3 Nxe4 10. O-O Nxg3 11. hxg3 O-O 12. Nxc6 bxc6 13. Ne2 d5 14. Bd3 e5 15. c3 Be7 16. c4 d4 17. Be4 Qb6 18. f4 d3+ 0-1

[Event "CAN-ch U20"]
[Site "Toronto CAN"]
[Date "2008.05.11"]
[Round "5"]
[White "Cai, Tony"]
[Black "Prysiazny, Michael"]
[Result "1-0"]
[WhiteElo "1675"]
[BlackElo "1722"]
[PlyCount "63"]
[GameId "2160767910354897"]
[EventDate "2008.05.09"]
[EventType "swiss"]
[EventRounds "9"]
[EventCountry "CAN"]
[SourceTitle "EXT 2011"]
[Source "ChessBase"]
[SourceDate "2011.11.26"]
[SourceVersion "1"]
[SourceVersionDate "2011.11.26"]
[SourceQuality "1"]

1. d4 Nf6 2. c4 g6 3. Nc3 Bg7 4. e4 d6 5. f3 O-O 6. Be3 Nc6 7. Bd3 a5 8. Nge2 Bd7 9. O-O e5 10. d5 Nb4 11. a3 Na6 12. Rb1 b6 13. Qd2 Nc5 14. b4 Nb7 15. Bh6 Nh5 16. g4 Nf6 17. b5 Ne8 18. Ng3 Nc5 19. Bc2 Qh4 20. Bg5 Bh6 21. Bxh6 Qe7 22. Bxf8 Qxf8 23. h4 h6 24. Bd1 Kg7 25. f4 Qe7 26. g5 Bh3 27. Rf2 exf4 28. gxh6+ Kxh6 29. Qxf4+ Kg7 30. Be2 Nf6 31. h5 Rh8 32. Rh2 1-0